| 000 | 00652nam a2200241 i 4500 | ||
|---|---|---|---|
| 003 | MX-MxUPN | ||
| 005 | 20260417101043.0 | ||
| 008 | 150601s2008 mx r 000 0 spa d | ||
| 020 | _a9789703707034 | ||
| 035 | _aUPN01000203940 | ||
| 040 |
_aMX-MxUPN _bspa _cMX-MxUPN |
||
| 041 | 1 |
_aspa _heng |
|
| 050 | 1 | 4 |
_aPS3503 R167 _bF348 2008 |
| 100 | 1 |
_aBradbury, Ray, _d1920-2012 _934896 |
|
| 245 | 1 | 0 | _aFahrenheit 451 |
| 250 | _aPrimera edición. | ||
| 260 |
_aMéxico, D.F. : _bMinotauro, _c2008. |
||
| 300 | _a262 páginas | ||
| 650 | 4 |
_aNovela estadounidense _94462 |
|
| 902 | _aVíctor Ruiz/170426 | ||
| 942 |
_2lcc _cLIBRO |
||
| 999 |
_c176041 _d176041 |
||